BIBLIOTHÈQUE DE LA MAISON DU MEXIQUE

Logo 1 Logo 2

Las moradas (notice nᵒ 11879)

détails MARC
000 -Sello discográfico
campo de control de longitud fija 00945nam a2200289 4500
005 - Identificación de versión
campo de control 20251016084829.0
035 ## - Otros números de control del sistema
Número de control del sistema 6924
099 ## - fechas locales
Tipo de ítem Koha LIBRO
100 ## - Datos de procesamiento general
Datos de procesamiento general 20041004d1966 m y1spay5003 ba
105 ## - Campo de datos codificados: Material textual, monográfico
Datos codificados de monografía y 001zb
200 1# - Título y mención de responsabilidad
Título propio Las moradas
Designación general del material texto impreso
Otra información del título libro de su vida
Primer mención de responsabilidad Santa Teresa de Jesús
Declaración de responsabilidad subsiguiente biografía Juana de Ontañón
205 ## - Declaración de edición
Declaración de edición 1a ed
210 ## - Publicación, distribución, etc.
Lugar de publicación, distribución, etc. México
Nombre del editor, distribuidor, etc. Editorial Porrúa
Fecha de publicación, distribución, etc. 1966
215 ## - Descripción física
Designación de material específico y extensión del ítem XLVII, 314 p
Dimensiones 22 cm
345 ## - Nota de información de adquisición
Fuente de adquisición/dirección de la suscripción [OBSOLETO] Donación
410 #1 - Series
Título Colección "Sepan Cuantos ..."
Número de volumen 50
600 ## - Nombre personal usado como materia
Elemento de entrada Cepeda y Ahumada
Parte del nombre distinta del elemento de entrada Teresa de Jesús
Fechas 1515-1582
Adiciones al nombre que no sean fechas Santa
Subdivisión temática Biografía
Número Koha 18377
700 ## - Nombre personal - Responsabilidad primaria
Elemento de entrada Cepeda y Ahumada
Parte del nombre distinta del elemento de entrada Teresa de Jesús
Fechas 1515-1582
Adiciones a los nombres que no sean fechas Santa
Número Koha 18378
702 ## - Nombre personal - Responsabilidad secundaria
Elemento de entrada Ontañón y Valiente
Parte del nombre distinta del elemento de entrada Juana
Fechas 1886-1972
Número Koha 13699
801 #0 - Fuente de origen
Agencia cm
900 ## -
-- 1/8239
900 ## -
-- 7100420005\041004
942 ## - ELEMENTOS DE ENTRADA SECUNDARIOS (KOHA)
Tipo de ítem Koha Livre
996 ## -
-- MEX
-- 751145101
-- MMAG
-- 012343
-- 080 S479 V.50
-- 20250204LIV
Exemplaires
Estatus retirado Estado de daño Estado de pérdida Fecha de adquisición Biblioteca de origen Biblioteca actual Ubicación en estantería Código de barras Precio de reemplazo Signatura topográfica completa No para préstamo Tipo de ítem Koha Nota pública Nota no pública
      05/08/2025 Casa México Paris Casa México Paris   012343 05/08/2025 080 S479 V.50   Livre 20250204LIV 751145101